| 000 | 00505nam a2200169Ia 4500 | ||
|---|---|---|---|
| 008 | 110201s9999 xx 000 0 und d | ||
| 082 |
_bB8048 _aA 51 |
||
| 100 | _aHobart H. Willard | ||
| 245 | _aInstrumental Methods of Analysis 4th Ediction | ||
| 260 | _bD.van Nostrand co. inc | ||
| 365 | _b15 | ||
| 600 | _aHobart H. Willard | ||
| 630 | _aInstrumental Methods of Analysis 4th Ediction | ||
| 700 | _aHobart H. Willard | ||
| 730 | _aInstrumental Methods of Analysis 4th Ediction | ||
| 942 | _cBOOK | ||
| 999 |
_c833544 _d833541 |
||